000 00431nam a2200181Ia 4500
005 20250603145619.0
008 250603s9999 xx 000 0 und d
020 _a9780205692699
050 _aBF 121 .P7623/
100 _aLilienfeld, Scott O.
245 0 _aPsychology: a framework for everyday thinking
260 _aBoston
260 _bPearson
260 _c2010
300 _a521 p
650 _aBoston
942 _cBK
999 _c42348
_d42348